Simplified flags - Statistics

General Stats
  • This quiz has been taken 40 times
  • The average score is 14 of 15
Answer Stats
Picture Answer % Correct
Brazil
100%
India
100%
South Korea
100%
Saudi Arabia
97%
Spain
97%
Kenya
95%
Morocco
95%
Iran
92%
United States
92%
Mexico
89%
Venezuela
89%
Kiribati
84%
Turkmenistan
84%
Eritrea
76%
Afghanistan
73%
No matching quizzes found
Score Distribution
Percent of People with Each Score
Percentile by Number Answered
Your Score History
You have not taken this quiz